Cơ sở học môi trường liên tục và lý thuyết đàn hồi
Shranjeno v:
| Glavni avtor: | |
|---|---|
| Format: | Knjiga |
| Jezik: | Undetermined |
| Izdano: |
Hà Nội
Khoa học kỹ thuật
2002
|
| Teme: | |
| Oznake: |
Označite
Brez oznak, prvi označite!
|
| Thư viện lưu trữ: | Trung tâm Học liệu Trường Đại học Cần Thơ |
|---|
| LEADER | 00611nam a2200193Ia 4500 | ||
|---|---|---|---|
| 001 | CTU_63177 | ||
| 008 | 210402s9999 xx 000 0 und d | ||
| 020 | |b 27000 | ||
| 082 | |a 531 | ||
| 082 | |b H455 | ||
| 100 | |a Lê, Hồng Ngọc | ||
| 245 | 0 | |a Cơ sở học môi trường liên tục và lý thuyết đàn hồi | |
| 245 | 0 | |c Lê Hồng Ngọc, Lê Ngọc Thạch | |
| 260 | |a Hà Nội | ||
| 260 | |b Khoa học kỹ thuật | ||
| 260 | |c 2002 | ||
| 650 | |a Elasticity,Continuum mechanics | ||
| 904 | |i TUYẾN | ||
| 980 | |a Trung tâm Học liệu Trường Đại học Cần Thơ | ||